000 00401nam a2200145 i 4500
001 bg
100 1 _aSASKOV, A. G.
245 0 _aTeplofiziceskije svojstva razlagojuscichsja materialov pri vysokich temperaturach /
_cA.G. Saskov, V.I. Tjukaev.
260 _aMinsk,
_c1975.
700 1 _aTJUKAEV, V. I.
040 _cBPK
041 _apol
942 _cKS
008 s pl f |000 0 pol
999 _c26771
_d26771
856 _uhttp://koha.tu.koszalin.pl/cgi-bin/koha/opac-detail.pl?biblionumber=26771
_yKatalog online BPK